| 000 | 01330cam a22003737a 4500 | ||
|---|---|---|---|
| 003 | CHAP | ||
| 005 | 20220329134221.0 | ||
| 008 | 971013s1993 r 00010 d | ||
| 010 | _a17102 | ||
| 011 | _a18074 | ||
| 035 | _a22158 | ||
| 040 | _cCHAP | ||
| 090 | _aTesis | ||
| 100 | 0 | 0 |
_aMoreno Cruz, Rodolfo. _978587 |
| 245 | 1 | 3 |
_aLa industria del aserrío en el estado de Tlaxcala _b: situación actual y perspectivas |
| 260 |
_aChapingo, Méx. : _bEl autor, _c1993 |
||
| 300 | _a78 h. | ||
| 502 | _aTesis (Ing. Forestal con Orientación en Evaluación y Abastecimiento) -- UACH. División de Ciencias Forestales | ||
| 590 |
_aALEPH _b10 _c20130110 _lUCH01 _h1240 |
||
| 590 |
_aBATCH-UPD _b10 _c20130110 _lUCH01 _h1917 |
||
| 590 |
_aBATCH-UPD _b10 _c20130410 _lUCH01 _h1243 |
||
| 590 |
_aBATCH-UPD _b10 _c20130914 _lUCH01 _h2058 |
||
| 590 |
_aCONVERSION _b10 _c20130109 _lUCH01 _h1311 |
||
| 650 | 1 | 4 |
_aAserraderos. _97892 |
| 650 | 1 | 4 |
_aBosques _xExtracción _xTlaxcala. _914191 |
| 650 | 1 | 4 |
_aIndustria maderera. _957872 |
| 650 | 1 | 4 |
_aProductos forestales _xMercadeo. _992092 |
| 650 | 1 | 4 |
_aProductos forestales _xTlaxcala. _992108 |
| 901 | _aBK | ||
| 942 | _cFOLL | ||
| 949 |
_bBC _cTES _d-51720 _eTS1 _h26838 _i22158 _si |
||
| 949 |
_bBC _cTES _d-51721 _eTS2 _fc.2 _h26839 _i22158 _si |
||
| 949 |
_bBC _cTES _d-51722 _eTS2 _fc.3 _h26840 _i22158 _si |
||
| 999 |
_c17102 _d17102 |
||